000 00697cam a2200205 a 4500
001 000025015
005 20200930023517.0
008 901219s1968 sp 000 p spa d
040 _aDO-SdBNP
_bspa
_cBNPHU
082 _a808.81
_bP745m
245 0 0 _aPoesía mariana medieval :
_bantología /
_cintroducción , selección y notas de Joaquín Benito de Lucas.
260 _aMadrid, (España) :
_bTaurus Ediciones,
_c1968.
300 _a150 p. ;
_c18 cm.
490 1 _aTemas de España
_v72
650 4 _aPoesía española
_xColecciones
_93395
650 4 _aLiteratura española
_9632
700 1 _aBenito de Lucas, Joaquín
_eintr.
_951328
830 0 _aTemas de España ;
_v72
_96849
049 _aBNGR
999 _c24508
_d24508